000 00556nam a22001577a 4500
003 OSt
005 20151002153346.0
008 151002b xxu||||| |||| 00| 0 eng d
040 _cRUA
082 _aAVM DOU 1995 B068 Or.1
100 _91791
_aDOUK, RETH.
245 _aEffeciency of pig breeding in battambang province, ប្រសិទ្ធភាពការបង្កាត់ពូជជ្រូកនៅក្នុងខេត្តបាត់ដំបង
260 _aPhnom Penh
_bRUA
_c1995
300 _a56p.
_bill.
_c29cm.
942 _2ddc
_cAVM
999 _c1691
_d1691